Grey's Anatomy Trivia - Statistics

General Stats
  • This quiz has been taken 216 times
  • The average score is 17 of 25
Answer Stats
Hint Answer % Correct
Which intern fails their intern test by 1 point? George O'Malley
88%
What nickname do the new interns give to Meredith? Medusa
84%
What color scrubs do the doctors at Mercy West wear? Orange
82%
Who is the first person Izzie tells that she has cancer? Cristina Yang
81%
What is the name of Meredith and Derek's youngest child? Ellis
81%
What pattern is on most of Derek's scrub caps? Ferryboats
81%
What is the name of the nurse Derek dates while he and Meredith are broken up? Rose
81%
What nickname does Cristina call Alex Karev? Evil spawn
79%
Where does Cristina move at the end of Season 10? Zürich, Switzerland
79%
What is the name of Mark's first daughter? Sloan Riley
76%
Where does Callie move in order to be with Penny? New York
74%
During a transplant surgery, what organ does Meredith drop on the OR floor? A kidney
73%
After Hahn leaves, who becomes head of cardio at Seattle Grace? Teddy Altman
73%
Which resident is fired and later hired back by Derek? April Kepner
72%
Who does Alex almost go to jail for beating up? Andrew DeLuca
71%
Who is the first doctor shot during the hospital shooting? Reed Adamson
70%
What did Mark Sloan call the team of himself and Jackson Avery? Plastics Posse
68%
What is Jo Wilson's real first name? Brooke
63%
Where did Meredith go to college? Dartmouth
62%
What does Meredith do with her mother's ashes? She pours them down the scrub room sink with Richard
57%
After sexual assault allegations surface against Harper Avery, what name is given to the award that bore his name? Catherine Fox Award
53%
What actor portrays trauma surgeon Owen Hunt? Kevin McKidd
51%
What is the name of Derek's oldest sister? Nancy
45%
What happens to Bailey's son that necessitates him being rushed to the hospital with internal injuries? A bookshelf fell on him
40%
Where was the plane heading before it crashed? Boise, Idaho
36%
No matching quizzes found
Score Distribution
Percent of People with Each Score
Percentile by Number Answered
Your Score History
You have not taken this quiz